LEADER 01351nam a2200325 a 4500 001 000000128207 003 CaOOAMICUS 005 20120326110635.0 008 120326s2012 it u000 u ita r 020 $a978-88-598-0741-4 040 $aPUL$bita 082 04$a347.4509 100 1 $aGianniti, Pasquale.$0(OLS)http://pul/name/64095 245 13$aLa mediazione professionale nel sistema degli A. D. R. /$cPasquale Gianniti, Roberto Piccione. 260 $aTorino :$bUTET Giuridica,$c2012. 300 $aXXI, 685 p. ;$c25 cm. 490 1 $aSistemi giuridici 500 $aInclude indice. 504 $aBibliografia: p. 677-682. 650 4$aMediazione (Diritto).$0(OLS)http://pul/subject/18433 700 1 $aPiccione, Roberto.$0(OLS)http://pul/name/81905 830 0$aSistemi giuridici.$0(OLS)http://pul/title/155875 850 $aPUL 852 $aPUL$W1$xSL Diritto e Scienze Sociali 3$y79$m347. 4509 GIAPA 1$j148391$qDDC 21$B146985$CPULBib$Z2$F146985 $H119195 $82 941 1 $a9 996 $6020$a978-88-598-0741-4$9(OLS)http://pul/number/149325 996 $6082$a347.4509$9(OLS)http://pul/classification/1945 996 $6245$aLa mediazione professionale nel sistema degli A. D. R.$9(OLS)http://pul/title/162003 996 $6260$aTorino :$bUTET Giuridica$9(OLS)http://pul/publisher/79191 LEADER 01635nam a2200337 a 4500 001 000000151113 003 CaOOAMICUS 005 20160407130143.0 008 160407s1989 be u000 u fre r 020 $a2-503-37008-X* 032 $aLibriCat 040 $aPUL$bita 041 0 $aeng$afre 110 2 $aComité international du vocabulaire des institutions et de la communication intellectuelles au Moyen Age $c(Paris :$d1987).$0(OLS)http://pul/name/96156 245 10$aVocabulaire du livre et de l'écriture au moyen âge :$bactes de la table ronde. Paris, 24-26 septembre 1987 /$cédités par Olga Weijers. 260 $aTurnhout :$bBrepols,$c1989. 300 $a251 p. ;$c24 cm. 490 1 $aEtudes sur le vocabulaire intellectuel du moyen âge ;$v02 500 $aIn testa al front.: CIVICIMA. 504 $aBibliografia in nota. 546 $aContributi in inglese e francese. 650 4$aCultura$zEuropa$yEvo medio.$0(OLS)http://pul/subject/34540 700 1 $aWeijers, Olga.$0(OLS)http://pul/name/50455 830 0$aEtudes sur le vocabulaire intellectuel du moyen âge ;$v02.$0(OLS)http://pul/title/99351 850 $aPUL 852 $aPUL$W1$xDP1 Cons. Gen., Altre Classi 1$y22$m733 M 2$j173562$qStampati$B175895$CPULBib$Z2$F175895 $H62110 $81 941 1 $a8 996 $6020$a2-503-37008-X*$9(OLS)http://pul/number/160210 996 $6245$aVocabulaire du livre et de l'écriture au moyen âge :$bactes de la table ronde. Paris, 24-26 septembre 1987$9(OLS)http://pul/title/190313 996 $6260$aTurnhout :$bBrepols$9(OLS)http://pul/publisher/47850